000 00745nam a2200265Ia 4500
003 OSt
005 20221006142533.0
006 a|||||r|||| 00| 0
007 ta
008 221006b |||||||| |||| 00| 0 eng d
020 _c176.17
024 _a6,553
037 _cTextual
040 _aEASL
_cEASL
_beng
041 _2eng
_aeng
082 _aY:1.10bR, L1
100 _aNORTHROP F.S.C Ed.
_9446527
245 0 _aIdeological differences and world order
_b Studies in the philosophy and science of the world culture
260 _aWestport
_bGreenwood Press
_c1971
300 _a486p.
_ccm.
490 _v CEL
650 _aCEL
942 _hY:1.10bR, L1
_cTEXL
_2CC
999 _c1074639
_d1074639